000 00347 a2200157 4500
001 69283
020 _a
040 _cAnchieta - Itaigara
100 _aGouveia, Luis Augusto
240 1 0 _aAsas da imaginação
_lpor
245 1 0 _aAsas da imaginação
300 _a111
362 0 _a2005
650 4 _aLiteratura infanto-juvenil
942 _cBK
999 _c69283
_d69283